03359nab a22006377 4500003000900000022001400009040001800023041000800041044000700049245003700056260002500093300004300118505001100161505003600172505004900208505006200257505005000319505008600369505004900455505009200504505002300596505005400619505005300673505002500726505006400751505003300815505002300848505005400871505008600925505004701011505012001058505004701178505006701225505008301292505007601375505006201451505005401513505004201567505007801609505004701687505012601734505004401860505007201904505004601976505006402022505004202086505005902128505008602187505005002273505005502323505007502378505007802453505008302531650003302614773007402647AR-RoUNA a0327-9022 aAR-RoUNAbspa aspa aag aSumma+ / bEl lujo es el paisaje aBuenos Aires ,c1993 a144 p. :bil. byn.bplanosc34 X25 cm.0 tINDICE0 tHOTELES - El lujo es el paisaje0 tHOTELES - Uruguay - FRAGMENTOS EN EL PAISAJE0 aIsay Weinfeld arq. / Hotel Fasano Las Piedras, 2010. p. 60 tHOTELES - España - ARIDEZ Y CONTEMPLACIÓN0 aEmiliano López y Mónica Rivera / Hotel Aire de Bardenas, Navarra, 2007. p. 260 tHOTELES - Brasil - Naturaleza y Arquitectura0 aMónica Drucker, Rubén Otero / Makenna Resort, Portha da Tulha, Bahía, 2010. p. 280 tHOTELES - Noruega 0 aLucrecia Álvarez / Cabañas en el valle. p. 360 aJSA / Hotel Juvet Landscape, Waldal, 2008. p. 360 tHOTELES - Tendencias0 tMartín Di Peco / Hotel - Less: turismo sin hoteles. p. 420 tOFICINAS - NUEVOS ESCENARIOS0 tOFICINAS - Francia0 aJosep Lluís Mateo / Realidades ópticas. p. 460 aMateo Arqitectura: Josep Lluís Mateo / La Factory, Ribera del Sena. 2010. p. 460 tOFICINAS - Holanda - HÍPER - SUSTENTABLE0 aUnstudio / Oficinas PPP para la agencia de educación (EEA) y la oficina de impuestos, Países Bajos, 2011. p. 540 tOFICINAS - Chile - CURVAS EN EL TERRITORIO0 a+Arquitectos / Edificio Transoceánica, Santiago, 2010. p. 620 aPaula de Elía Arquitecta / Oficina para editora de libros, CABA, 2009. p. 740 aEstudio Juan M. Altgelt / Oficinas para Ponce Buenos Aires, 2010. p. 780 aContract / Oficinas para Mercado Libre, CABA, 2011. p. 820 tCOMERCIOS - MULTIPLICAR SITUACIONES Y SENSACIONES0 tCOMERCIOS - Holanda - CUBOS MÁGICOS0 aBassam El Okeily, Karla Menten / Eyecare For You, Maastricht, 2010. p. 880 tCOMERCIOS - Brasil - ESQUINA Y PITANGUEIRA0 aUna arqs. (Cristian Muniz, Fábio Valentim, Fernanda Barbara y Fernando Viégas) / Tienda Garda, San Pablo, 2010. p. 940 tCOMERCIOS ARGENTINA - VIDRIERA JARDÍN0 aSonnschein arqs. / Local Key Biscayne, Historia, CABA, 2010. p. 1000 tCOMERCIOS - Brasil - ENTRANDO AL CLÓSET0 aIsay Weinfeld / Tienda Carina Duek, San Pablo, 2009. p. 1060 tCOMERCIOS - Corea - SIEMPRE CAMBIANTE0 aUnstudio / Galería Centercity, Cheonan, 2010. p. 1120 aJulián Waras / Contigencia y Universalidad: más allá de la dualidad. p. 1260 aIgnacio Ros de Olano / Praga en papel. p. 1350 aRafael E. J. Iglesia / ¡Aguante, Capitel!. p. 1360 aRoberto Fernández / Modernidad Póstuma, sobre los Smithson. p. 1390 aMario Sabugo / Firpo, Dempsey y el faro del Barolo: segundo round. p. 1420 aRuth Verde Zein / En las losas de la periferia y sin el asado al final. p. 144 aArquitectura contemporánea0 aSumma+dBuenos Aires, ArgentinagNº116 (jul-2011), p. 144x0327-9022